Kultúra sveta práce závislá práca a dohody o prácach vykonávaných mimo pracovného pomeru
Na minha lista:
| Autor principal: | |
|---|---|
| Formato: | Livro |
| Idioma: | eslovaco |
| Publicado em: |
Bratislava
Friedrich Ebert Stiftung
2012
|
| Assuntos: | |
| Tags: |
Sem tags, seja o primeiro a adicionar uma tag!
|
MARC
| LEADER | 00000nam a2200000 4500 | ||
|---|---|---|---|
| 001 | 0162802 | ||
| 005 | 20240314094350.2 | ||
| 020 | |a 978-80-89149-23-0 | ||
| 041 | 0 | |a slo | |
| 044 | |a SK | ||
| 245 | 1 | 0 | |a Kultúra sveta práce |b závislá práca a dohody o prácach vykonávaných mimo pracovného pomeru |c Marek Švec a kol. |
| 264 | 1 | |a Bratislava |b Friedrich Ebert Stiftung |c 2012 | |
| 300 | |a 122 s. | ||
| 610 | 2 | 0 | |a pomer pracovný |
| 610 | 2 | 0 | |a pomer pracovný hlavný |
| 610 | 2 | 0 | |a pomer pracovný súbežný |
| 610 | 2 | 0 | |a pomer pracovný vedľajší |
| 610 | 2 | 0 | |a práca |
| 610 | 2 | 0 | |a práca závislá |
| 610 | 2 | 0 | |a nezamestnanosť |
| 610 | 2 | 0 | |a trh práce |
| 610 | 2 | 0 | |a právo pracovné |
| 610 | 2 | 0 | |a dohody o činnosti pracovnej |
| 610 | 2 | 0 | |a dohody o vykonaní práce |
| 610 | 2 | 0 | |a skončenie pomeru pracovného |
| 610 | 2 | 0 | |a vzťahy pracovnoprávne |
| 100 | 1 | |a Švec, Marek | |